000 00721nam a2200277Ia 4500
005 20260324112630.0
008 008 260324s9999 xx 000 0 eng d
020 _a9781032677040
037 _aEBOOK
040 _aCRL
040 _beng
040 _cCRL
041 _2eng
041 _aeng
084 _qCRL
100 _aMohamed Abouhawwash; Joanna Rosak-Szyrocka; Shashi Kant Gupta
_91143505
245 0 _aAspects of Quality Management in Value Creating in the Industry 5.0 Way
260 _bTaylor and Francis
260 _c2024
365 _a
365 _b260
856 _uhttp://www.taylorfrancis.com/books/9781032677040
942 _cEBOOK
999 _c1732782
_d1732782